000 00323nam a22001337a 4500
008 181203b xxu||||| |||| 00| 0 eng d
020 _a0538010703
041 _aeng
080 _25th
_a330.722.6
100 _a61
101 _aKF
245 _aAccounting Essentials for Career Secretaries
_cCarlson,A.E
942 _2udc
_cBK
999 _c52732
_d52732